[Event "U.S. Championship"]
[Site "Saint Louis USA"]
[Date "2022.10.12"]
[EventDate "2022.10.04"]
[Round "7"]
[Result "1-0"]
[White "D Swiercz"]
[Black "Hans Moke Niemann"]
[WhiteElo "2652"]
[BlackElo "2699"]
[PlyCount "56"]

1. d4 Nf6 2. c4 e6 3. g3 Bb4+ 4. Bd2 Be7 5. Bg2 d5 6. Nf3 O-O 7. O-O Nbd7
8. Qc2 c6 9. Rd1 b6 10. b3 a5 11. Bc3 Bb7 12. Nbd2 Qc7 13. Rac1 Rac8 14.
Qb1 c5 15. cxd5 Bxd5 16. e4 Bb7 17. Bb2 Qb8 18. e5 Nd5 19. Nc4 Qa8 20. dxc5
Nxc5 21. Nd6 Bxd6 22. Ng5 g6 23. exd6 Qb8 24. Rc4 h6 25. Nxe6 Nxe6 26. Bxd5
Bxd5 27. Rxd5 Qb7 28. d7 1-0

[Event "U.S. Championship"]
[Site "Saint Louis USA"]
[Date "2022.10.12"]
[EventDate "2022.10.04"]
[Round "7"]
[Result "1/2-1/2"]
[White "Jeffery Xiong"]
[Black "Awonder Liang"]
[WhiteElo "2690"]
[BlackElo "2608"]
[PlyCount "104"]

1. d4 d5 2. Nf3 Nf6 3. g3 c5 4. Bg2 cxd4 5. O-O Nc6 6. Nxd4 e5 7. Nxc6 bxc6
8. c4 Be6 9. Qa4 Qd7 10. Nc3 Rc8 11. cxd5 cxd5 12. Qxd7+ Kxd7 13. Rd1 Bc5
14. Nxd5 Nxd5 15. Bxd5 Bxd5 16. Rxd5+ Ke6 17. Rd2 Rhd8 18. Kf1 Bb6 19. Rxd8
Rxd8 20. Be3 Bxe3 21. fxe3 Rc8 22. Ke1 f6 23. Rd1 Rc2 24. Rd2 Rc1+ 25. Rd1
Rc2 26. Rd2 Rc1+ 27. Kf2 h5 28. e4 g5 29. Rd5 Rh1 30. Kg2 Re1 31. Kf2 Rh1
32. Ra5 Rxh2+ 33. Kf1 Rh1+ 34. Kg2 Rb1 35. Ra6+ Kf7 36. Rxa7+ Kg6 37. Rb7
Ra1 38. a3 g4 39. Kf2 Kg5 40. Rg7+ Kh6 41. Ra7 Rb1 42. Rb7 Ra1 43. Rd7 Kg5
44. Rd8 Ra2 45. Rg8+ Kh6 46. Rb8 Ra1 47. Rb3 Kg5 48. Rb6 Kg6 49. Ra6 Rb1
50. Rb6 Ra1 51. Ra6 Rb1 52. Rb6 Ra1 1/2-1/2

[Event "U.S. Championship"]
[Site "Saint Louis USA"]
[Date "2022.10.12"]
[EventDate "2022.10.04"]
[Round "7"]
[Result "1/2-1/2"]
[White "Christopher Woojin Yoo"]
[Black "L Aronian"]
[WhiteElo "2563"]
[BlackElo "2755"]
[PlyCount "40"]

1. e4 e5 2. Nf3 Nc6 3. Bc4 Nf6 4. d4 exd4 5. e5 Ne4 6. Qe2 Nc5 7. O-O Ne6
8. c3 d5 9. exd6 Bxd6 10. Bg5 Be7 11. Bxe7 Qxe7 12. Rd1 Nf4 13. Qd2 Qf6 14.
cxd4 O-O 15. Nc3 Bg4 16. Ne4 Qf5 17. Ng3 Qf6 18. Ne4 Qf5 19. Ng3 Qf6 20.
Ne4 1/2-1/2

[Event "U.S. Championship"]
[Site "Saint Louis USA"]
[Date "2022.10.13"]
[EventDate "2022.10.04"]
[Round "8"]
[Result "1/2-1/2"]
[White "L Aronian"]
[Black "Hans Moke Niemann"]
[WhiteElo "2755"]
[BlackElo "2699"]
[PlyCount "114"]

1. e4 e5 2. Nf3 Nc6 3. Bc4 Nf6 4. Ng5 d5 5. exd5 Na5 6. Bb5+ c6 7. dxc6
bxc6 8. Bd3 Nd5 9. Nf3 Bd6 10. O-O Nf4 11. Nc3 Nxd3 12. cxd3 O-O 13. b3 c5
14. Ba3 Ba6 15. Re1 Re8 16. Re3 Rc8 17. Ne4 Bf8 18. Rc1 Nb7 19. Ne1 Bb5 20.
Bb2 Nd6 21. Nxd6 Qxd6 22. Rc3 g6 23. Rc1 f6 24. Qc2 Red8 25. Rh3 Bd7 26.
Rh4 Bb5 27. Rh3 Kg7 28. Re3 Qd5 29. Qc3 Rd6 30. Re4 g5 31. h4 h6 32. hxg5
hxg5 33. Rg4 Kf7 34. d4 exd4 35. Rxd4 Qxd4 36. Qxd4 Rxd4 37. Bxd4 a5 38.
Bc3 a4 39. bxa4 Bxa4 40. Rb1 Ra8 41. Rb7+ Kg6 42. Rb6 Be7 43. Nd3 Kf7 44.
Rb7 Ke6 45. f4 c4 46. f5+ Kxf5 47. Rxe7 cxd3 48. Re3 Bc2 49. Rf3+ Kg4 50.
Rxf6 Rxa2 51. Kf2 Ra4 52. Rf3 Rf4 53. Rxf4+ gxf4 54. Bb2 Bb1 55. Bc3 Bc2
56. Bb2 Bb1 57. Bc3 Bc2 1/2-1/2

[Event "U.S. Championship"]
[Site "Saint Louis USA"]
[Date "2022.10.13"]
[EventDate "2022.10.04"]
[Round "8"]
[Result "0-1"]
[White "E Moradiabadi"]
[Black "R Robson"]
[WhiteElo "2534"]
[BlackElo "2690"]
[PlyCount "76"]

1. e4 e5 2. Nf3 Nc6 3. Bb5 Nf6 4. d3 Bc5 5. Bxc6 dxc6 6. Nbd2 Nd7 7. Nc4 f6
8. Be3 Bxe3 9. Nxe3 Nc5 10. O-O Ne6 11. c3 c5 12. Qc2 b6 13. Rfd1 Qd7 14.
a4 Ba6 15. b4 Rd8 16. b5 Bb7 17. Qb3 Qf7 18. g3 a5 19. bxa6 Bxa6 20. a5 b5
21. Nf5 O-O 22. Qc2 Kh8 23. d4 Qh5 24. d5 Nf4 25. N5h4 g5 26. gxf4 gxh4 27.
Qe2 exf4 28. Kf1 Rg8 29. c4 bxc4 30. Ra3 Rb8 31. Rc3 Qg4 32. Ke1 Rge8 33.
Nd2 Qg1+ 34. Qf1 Qg7 35. Rdc1 f5 36. f3 Qd4 37. Qf2 Rg8 38. Qxh4 Rb2 0-1

[Event "U.S. Championship"]
[Site "Saint Louis USA"]
[Date "2022.10.13"]
[EventDate "2022.10.04"]
[Round "8"]
[Result "1/2-1/2"]
[White "A Lenderman"]
[Black "Dominguez Perez,L"]
[WhiteElo "2535"]
[BlackElo "2747"]
[PlyCount "76"]

1. d4 Nf6 2. c4 e6 3. g3 d5 4. Bg2 Be7 5. Nf3 O-O 6. O-O dxc4 7. Qc2 b5 8.
a4 Bb7 9. axb5 a6 10. bxa6 Nxa6 11. Qxc4 Bd5 12. Qc3 c5 13. Be3 Ne4 14. Qe1
Nb4 15. Rxa8 Qxa8 16. Nc3 Nxc3 17. bxc3 Nc2 18. Qd2 Nxe3 19. Qxe3 h6 20.
Qf4 Rd8 21. c4 Be4 22. dxc5 Bxc5 23. Qe5 Bd6 24. Qc3 Rc8 25. Ra1 Qc6 26.
Rc1 Bd5 27. Qd2 Qc5 28. Nd4 Bxg2 29. Kxg2 Bxg3 30. hxg3 Rd8 31. e3 e5 32.
Qe2 exd4 33. exd4 Rxd4 34. Qe8+ Qf8 35. Qc6 Qd6 36. Qe8+ Qf8 37. Qc6 Qd6
38. Qe8+ Qf8 1/2-1/2

[Event "U.S. Championship"]
[Site "Saint Louis USA"]
[Date "2022.10.13"]
[EventDate "2022.10.04"]
[Round "8"]
[Result "1/2-1/2"]
[White "Awonder Liang"]
[Black "S Shankland"]
[WhiteElo "2608"]
[BlackElo "2712"]
[PlyCount "78"]

1. e4 c5 2. Nf3 d6 3. d4 cxd4 4. Qxd4 Nf6 5. e5 Nc6 6. Qa4 Nd5 7. Bb5 Bd7
8. exd6 a6 9. Be2 e6 10. c4 b5 11. Qd1 bxc4 12. Nc3 Ncb4 13. Bxc4 Bxd6 14.
Bxd5 Nxd5 15. Nxd5 exd5 16. O-O Be6 17. Bf4 O-O 18. Bxd6 Qxd6 19. Nd4 a5
20. Re1 Bd7 21. Qd3 Rab8 22. b3 g6 23. Qg3 Qxg3 24. hxg3 a4 25. Rac1 axb3
26. axb3 Rb4 27. Red1 Rfb8 28. f3 h5 29. Rc7 Be6 30. Rc6 Rxd4 31. Rxd4 Rxb3
32. Rc5 Rb1+ 33. Kh2 Kg7 34. Rcxd5 Bxd5 35. Rxd5 Ra1 36. Rb5 Rc1 37. Rd5
Ra1 38. Rb5 Rc1 39. Rd5 Ra1 1/2-1/2

[Event "U.S. Championship"]
[Site "Saint Louis USA"]
[Date "2022.10.13"]
[EventDate "2022.10.04"]
[Round "8"]
[Result "1/2-1/2"]
[White "W So"]
[Black "D Swiercz"]
[WhiteElo "2774"]
[BlackElo "2652"]
[PlyCount "80"]

1. e4 e5 2. Nf3 Nc6 3. Bc4 Nf6 4. d3 Bc5 5. O-O d6 6. c3 a6 7. Re1 O-O 8.
Bb3 h6 9. Nbd2 Be6 10. Bxe6 fxe6 11. b4 Ba7 12. Nf1 Ne7 13. Be3 Bxe3 14.
Rxe3 Ng6 15. h3 Nf4 16. Kh2 g5 17. g3 g4 18. Ng1 Nxh3 19. Nxh3 gxh3 20.
Kxh3 Qe8 21. Qe2 Qg6 22. Nd2 h5 23. Rg1 Rf7 24. Rf3 Raf8 25. Kg2 h4 26. Kf1
h3 27. Rh1 Rh7 28. Ke1 Rff7 29. g4 h2 30. Nf1 Rh4 31. Rxh2 Rxg4 32. Rfh3
Rh7 33. Qe3 Rxh3 34. Qxh3 Kf7 35. f3 Rg5 36. Qh8 Qg8 37. Qh6 Qg6 38. Qh8
Qg8 39. Qh6 Qg6 40. Qh8 1/2-1/2

[Event "U.S. Championship"]
[Site "Saint Louis USA"]
[Date "2022.10.13"]
[EventDate "2022.10.04"]
[Round "8"]
[Result "0-1"]
[White "Christopher Woojin Yoo"]
[Black "Jeffery Xiong"]
[WhiteElo "2563"]
[BlackElo "2690"]
[PlyCount "100"]

1. e4 c6 2. d4 d5 3. f3 Qb6 4. Nc3 dxe4 5. fxe4 e5 6. Nf3 exd4 7. Qxd4 Be6
8. Bf4 Ne7 9. Bd6 Ng6 10. Bxf8 Rxf8 11. O-O-O Qxd4 12. Nxd4 Ne5 13. Nf5
Bxf5 14. exf5 Nbd7 15. Be2 O-O-O 16. g4 Kc7 17. g5 Rh8 18. h4 h6 19. Ne4
hxg5 20. hxg5 Nb6 21. Rxh8 Rxh8 22. f6 g6 23. c4 Nbxc4 24. Bxc4 Nxc4 25.
Nc5 Nd6 26. Re1 Re8 27. Rxe8 Nxe8 28. Kd2 b6 29. Nd3 Kd6 30. Ke3 Nc7 31.
Ke4 Ne6 32. Ne5 Nxg5+ 33. Kf4 Ne6+ 34. Ke4 Nd8 35. Kf4 Ke6 36. Ng4 Nb7 37.
Kg5 Nc5 38. Nf2 Nd7 39. Nd3 Nxf6 40. Nb4 c5 41. Nc6 a5 42. Nd8+ Ke7 43.
Nc6+ Kd7 44. Ne5+ Ke6 45. Nc4 Nd7 46. a4 Kd5 47. b3 Kd4 48. Nd6 Kc3 49.
Nxf7 Kxb3 50. Kf4 Kxa4 0-1

[Event "U.S. Championship"]
[Site "Saint Louis USA"]
[Date "2022.10.13"]
[EventDate "2022.10.04"]
[Round "8"]
[Result "1/2-1/2"]
[White "Samuel Sevian"]
[Black "F Caruana"]
[WhiteElo "2684"]
[BlackElo "2763"]
[PlyCount "94"]

1. d4 Nf6 2. c4 e6 3. Nc3 Bb4 4. f3 d5 5. a3 Be7 6. e4 dxe4 7. fxe4 c5 8.
d5 exd5 9. exd5 O-O 10. Be2 a6 11. Nf3 Bd6 12. O-O h6 13. Ne1 Nbd7 14. Nd3
b5 15. cxb5 axb5 16. Be3 Re8 17. Bf2 Rb8 18. Bf3 b4 19. axb4 c4 20. Nc5
Rxb4 21. Nxd7 Nxd7 22. Ne4 Be5 23. Bd4 Bb7 24. Qd2 Bxd4+ 25. Qxd4 Ne5 26.
Rad1 Nxf3+ 27. Rxf3 Qxd5 28. Qxd5 Bxd5 29. Rxd5 Rxe4 30. Rd2 Rb6 31. Rc2 g5
32. h3 Kg7 33. Rfc3 Rb4 34. Kh2 h5 35. b3 cxb3 36. Rb2 f5 37. Rbxb3 Rxb3
38. Rxb3 Re6 39. Rb4 Kf6 40. h4 g4 41. Kg3 Re2 42. Rb6+ Ke5 43. Rb5+ Ke4
44. Rb4+ Ke5 45. Rb5+ Ke4 46. Rb4+ Ke5 47. Rb5+ 1/2-1/2

[Event "U.S. Championship"]
[Site "Saint Louis USA"]
[Date "2022.10.14"]
[EventDate "2022.10.05"]
[Round "9.6"]
[Result "1-0"]
[White "Sam Shankland"]
[Black "Christopher Woojin Yoo"]
[WhiteElo "2712"]
[BlackElo "2563"]
[PlyCount "76"]

1. c4 e5 2. Nc3 Bb4 3. Nd5 a5 4. Nf3 d6 5. e3 Nf6 6. a3 Nxd5 7. cxd5 Bc5 8. d4
exd4 9. exd4 Bb6 10. Bg5 f6 11. Be3 O-O 12. Bd3 f5 13. Qc2 f4 14. Bxh7+ Kh8 15.
Bd2 Qe7+ 16. Kf1 Bg4 17. Re1 Qf6 18. h4 Nd7 19. h5 Bxf3 20. gxf3 Qg5 21. Bg6 Nf6
22. Qd3 a4 23. Bc3 Ba5 24. Ke2 Qh6 25. Reg1 Bxc3 26. bxc3 Nxd5 27. c4 Ne7 28.
Kd2 Ra5 29. d5 Rc5 30. Qe2 Ng8 31. Bc2 Rf6 32. Qf1 b5 33. Rg6 bxc4 34. Kc1 Rf8
35. Rxh6+ Nxh6 36. Qg2 Kg8 37. Qg6 c6 38. Rg1 1-0

[Event "U.S. Championship"]
[Site "Saint Louis USA"]
[Date "2022.10.14"]
[EventDate "2022.10.05"]
[Round "9.7"]
[Result "1/2-1/2"]
[White "Hans Moke Niemann"]
[Black "Wesley So"]
[WhiteElo "2699"]
[BlackElo "2774"]
[PlyCount "54"]

1. e4 e5 2. Nf3 Nc6 3. Bc4 Bc5 4. c3 Nf6 5. d3 d6 6. O-O O-O 7. Re1 a5 8. h3 h6
9. Nbd2 Be6 10. Bb5 Qb8 11. Nf1 Qa7 12. Re2 a4 13. Ng3 Qa5 14. Bxc6 bxc6 15. Qc2
Qb5 16. c4 Qb8 17. Bd2 Re8 18. Rb1 Nd7 19. Nh4 d5 20. Nf3 dxc4 21. dxc4 Qb6 22.
b4 axb3 23. axb3 Bb4 24. Be3 Bc5 25. Bd2 Bb4 26. Be3 Bc5 27. Bd2 1/2-1/2

[Event "U.S. Championship"]
[Site "Saint Louis USA"]
[Date "2022.10.14"]
[EventDate "2022.10.05"]
[Round "9.5"]
[Result "1/2-1/2"]
[White "Dariusz Swiercz"]
[Black "Elshan Moradiabadi"]
[WhiteElo "2652"]
[BlackElo "2534"]
[PlyCount "70"]

1. d4 Nf6 2. c4 e6 3. Nc3 Bb4 4. e3 b6 5. Ne2 Ba6 6. Ng3 Bxc3+ 7. bxc3 d5 8.
cxd5 Bxf1 9. Rxf1 Qxd5 10. f3 Nc6 11. Kf2 Qc4 12. Qb3 Na5 13. Qxc4 Nxc4 14. e4
Nd7 15. Re1 b5 16. a4 c6 17. a5 O-O 18. Nf1 f5 19. exf5 exf5 20. Nd2 Nxd2 21.
Bxd2 Kf7 22. c4 bxc4 23. Rac1 Rab8 24. Rxc4 Rb2 25. Re2 Rc8 26. Be3 Rb5 27. Bg5
Nf6 28. Bxf6 Kxf6 29. Rec2 Rxa5 30. Rxc6+ Rxc6 31. Rxc6+ Kf7 32. Rc7+ Kf6 33.
Rc6+ Kf7 34. Rc7+ Kf6 35. Rc6+ 1/2-1/2

[Event "U.S. Championship"]
[Site "Saint Louis USA"]
[Date "2022.10.14"]
[EventDate "2022.10.05"]
[Round "9.4"]
[Result "1/2-1/2"]
[White "Jeffery Xiong"]
[Black "Levon Aronian"]
[WhiteElo "2690"]
[BlackElo "2755"]
[PlyCount "56"]

1. e4 e5 2. Nf3 Nc6 3. d4 exd4 4. Nxd4 Nf6 5. Nxc6 bxc6 6. Nd2 Bc5 7. e5 Qe7 8.
Qe2 Nd5 9. Nb3 O-O 10. c4 Nb6 11. Nxc5 Qxc5 12. f4 d5 13. Qf2 Qxf2+ 14. Kxf2
dxc4 15. Be2 Be6 16. Be3 Nd5 17. Rhc1 f6 18. exf6 Rxf6 19. Bxc4 g5 20. Bxd5 Bxd5
21. g3 Rh6 22. Kg1 Re6 23. Re1 Rae8 24. Kf2 Rh6 25. Kg1 Rhe6 26. Kf2 Rh6 27. Kg1
Rhe6 28. Kf2 1/2-1/2

[Event "U.S. Championship"]
[Site "Saint Louis USA"]
[Date "2022.10.14"]
[EventDate "2022.10.05"]
[Round "9.3"]
[Result "1/2-1/2"]
[White "Fabiano Caruana"]
[Black "Awonder Liang"]
[WhiteElo "2763"]
[BlackElo "2608"]
[PlyCount "154"]

1. e4 e5 2. Nf3 Nf6 3. Nxe5 Nxe4 4. Qe2 Qe7 5. Qxe4 d6 6. d4 dxe5 7. dxe5 Nc6 8.
Bb5 Bd7 9. Nc3 O-O-O 10. Bf4 Qb4 11. O-O-O Qxe4 12. Nxe4 Nxe5 13. Bxd7+ Nxd7 14.
Ng5 Be7 15. h4 Bxg5 16. hxg5 f6 17. Rde1 fxg5 18. Bxg5 Rdf8 19. Re7 Nb6 20. Rxg7
Rxf2 21. Bh4 Rff8 22. Be7 Re8 23. Rhxh7 Rxh7 24. Rxh7 Nd5 25. Bg5 Re2 26. Rh2 b5
27. Kd1 Re4 28. Bd2 Kd7 29. g3 Rg4 30. Rh3 a5 31. Ke2 Nb4 32. Bf4 Rg7 33. Rh5
Kc6 34. a4 bxa4 35. Rxa5 Nxc2 36. Rxa4 Kd5 37. Kd3 Ne1+ 38. Kc3 Ng2 39. Ra5+ Ke4
40. Ra4+ Kd5 41. Ra5+ Ke4 42. Rg5 Rd7 43. Bd2 Rd3+ 44. Kc2 Ne3+ 45. Kc1 Nf5 46.
g4 Nd4 47. Bc3 c5 48. Kb1 c4 49. Bxd4 Kxd4 50. Rg8 Rd1+ 51. Ka2 Ke5 52. Re8+ Kf4
53. Re2 Rc1 54. Ka3 Kxg4 55. Kb4 Kf5 56. Kc5 Kf6 57. Kd4 Kf5 58. Kc5 Kf6 59. Kd5
Kf7 60. Kd6 Rd1+ 61. Kc5 Rc1 62. Kb4 Kf6 63. Re3 Rc2 64. Ka3 Kf5 65. Rc3 Rxc3+
66. bxc3 Ke6 67. Kb4 Kd6 68. Kxc4 Kc6 69. Kd4 Kd6 70. c4 Kc6 71. c5 Kc7 72. Kd5
Kd7 73. c6+ Kc7 74. Kc5 Kc8 75. Kb6 Kb8 76. c7+ Kc8 77. Kc6 1/2-1/2

[Event "U.S. Championship"]
[Site "Saint Louis USA"]
[Date "2022.10.14"]
[EventDate "2022.10.05"]
[Round "9.2"]
[Result "1/2-1/2"]
[White "Dominguez Perez, Leinier"]
[Black "Samuel Sevian"]
[WhiteElo "2747"]
[BlackElo "2684"]
[PlyCount "226"]

1. e4 e5 2. Nf3 Nc6 3. Bb5 a6 4. Ba4 Nf6 5. O-O Nxe4 6. d4 b5 7. Bb3 d5 8. dxe5
Be6 9. c3 Be7 10. Nbd2 O-O 11. Bc2 f5 12. Nb3 Qd7 13. Nfd4 Nxd4 14. Nxd4 c5 15.
Nxe6 Qxe6 16. f3 Ng5 17. Bxg5 Bxg5 18. f4 Be7 19. Qf3 Rad8 20. Rfd1 g6 21. Rd2
Rd7 22. Rad1 Rfd8 23. h3 c4 24. b4 d4 25. Rxd4 Qb6 26. Qf2 Rxd4 27. Rxd4 a5 28.
Rxd8+ Bxd8 29. a3 axb4 30. axb4 Kf7 31. Kf1 Qxf2+ 32. Kxf2 Ke6 33. Bd1 g5 34.
Bf3 gxf4 35. Bc6 Bc7 36. Ke2 Bxe5 37. Kd2 h6 38. Bxb5 Kd5 39. Be8 Ke6 40. Bb5
Kd5 41. Be8 Ke6 42. Bg6 Bf6 43. Bh7 Kf7 44. Bxf5 Ke7 45. Bh7 Kf7 46. Kc2 h5 47.
Bf5 Ke7 48. Be4 Ke6 49. Bh7 Kf7 50. Bf5 Ke7 51. Kd2 Bg5 52. Kd1 Bf6 53. Kc2 h4
54. Bg6 Ke6 55. Bh7 Kf7 56. Kb2 Be5 57. Bf5 Ke7 58. Bc8 Kd6 59. Ba6 Kd5 60. Bb5
Bf6 61. Kc2 Be5 62. Be8 Ke6 63. Bg6 Bf6 64. Bh7 Kf7 65. b5 Bd8 66. Kd1 Ba5 67.
Kd2 Ke6 68. Bg8+ Kd6 69. Bxc4 Bb6 70. Bf7 Bf2 71. Kd3 Kc5 72. c4 Kb6 73. Ke4 Bg3
74. Kd5 Bf2 75. Bh5 Bg1 76. Be2 Bf2 77. Bf3 Bg1 78. Kd6 Bf2 79. Ke5 Bg3 80. Kf5
Kc5 81. Ke6 Kb6 82. Kd6 Bf2 83. Kd5 Bg1 84. Ke5 Bh2 85. Kf6 Bg3 86. Kg5 Kc5 87.
Kg4 Kb6 88. Be2 Kc5 89. Kf3 Kb6 90. Bf1 Kc5 91. Ke4 Kb6 92. Kd5 Bf2 93. Bd3 Bg1
94. Kd6 Bf2 95. Be2 Bg1 96. Bf1 Bf2 97. Kd5 Bg1 98. Ke5 Bh2 99. g4 fxg3 100. Bg2
Bg1 101. Kf6 Bc5 102. Bd5 Bb4 103. Kg5 g2 104. Bxg2 Be1 105. Kf5 Bf2 106. Bf1
Bg1 107. Kg4 Bf2 108. Kf3 Bc5 109. Kf4 Bg1 110. Kg4 Bf2 111. Kf4 Bg1 112. Kf5
Bf2 113. Kf4 Bg1 1/2-1/2

[Event "U.S. Championship"]
[Site "Saint Louis USA"]
[Date "2022.10.14"]
[EventDate "2022.10.05"]
[Round "9.1"]
[Result "1/2-1/2"]
[White "Ray Robson"]
[Black "Aleksandr Lenderman"]
[WhiteElo "2690"]
[BlackElo "2535"]
[PlyCount "178"]

1. d4 d5 2. c4 c6 3. Nf3 Nf6 4. e3 Bf5 5. Nc3 e6 6. Nh4 Bg6 7. Be2 Nbd7 8. O-O
Bd6 9. g3 O-O 10. Nxg6 hxg6 11. b3 Qe7 12. Bb2 Ba3 13. Bxa3 Qxa3 14. Qd2 Qe7 15.
h4 Rfd8 16. Rfd1 Ne8 17. Kg2 Nd6 18. Rac1 Nf6 19. Bd3 dxc4 20. bxc4 c5 21. d5 b5
22. Nxb5 exd5 23. Nxd6 Rxd6 24. cxd5 Rxd5 25. Qc2 Rad8 26. Be2 Rxd1 27. Bxd1 Rc8
28. Qc4 Nd7 29. Qg4 Rc7 30. Be2 Nf6 31. Qc4 Nd7 32. a4 Nb6 33. Qc2 Nd7 34. Qc4
Nb6 35. Qc2 Nd7 36. a5 Nf6 37. Qc4 Qd8 38. Rd1 Qe7 39. Bf3 Nd7 40. Be2 Nf6 41.
Qb5 Kh7 42. Rc1 Rc8 43. Bf3 Rc7 44. Rc2 Rc8 45. a6 Rc7 46. Qb8 c4 47. Qb2 Qc5
48. Qd4 c3 49. Qxc5 Rxc5 50. Kf1 Nd7 51. Ke2 Ne5 52. Bb7 Nc6 53. Bxc6 Rxc6 54.
e4 Kg8 55. Kd3 Rxa6 56. Rxc3 Rd6+ 57. Ke3 Rd8 58. Ra3 Rd7 59. e5 Kf8 60. f4 Ke7
61. g4 Rb7 62. f5 gxf5 63. gxf5 Kf8 64. h5 Rb5 65. Kf4 Rb4+ 66. Kg5 Rb5 67. Rxa7
Rxe5 68. Ra8+ Ke7 69. Ra7+ Kf8 70. Ra8+ Ke7 71. Rg8 Re1 72. Rxg7 Rg1+ 73. Kh6
Rh1 74. Kg5 Rg1+ 75. Kh6 Rh1 76. f6+ Kxf6 77. Rg5 Rh2 78. Ra5 Rg2 79. Kh7 Ke6
80. Ra6+ Ke5 81. h6 f5 82. Rg6 Ra2 83. Kh8 f4 84. h7 f3 85. Rg3 Kf4 86. Rxf3+
Kxf3 87. Kg7 Ra7+ 88. Kg6 Rxh7 89. Kxh7 1/2-1/2

[Event "U.S. Championship"]
[Site "Saint Louis USA"]
[Date "2022.10.15"]
[EventDate "2022.10.05"]
[Round "10.6"]
[Result "1/2-1/2"]
[White "Aleksandr Lenderman"]
[Black "Dariusz Swiercz"]
[WhiteElo "2535"]
[BlackElo "2652"]
[PlyCount "98"]

1. d4 Nf6 2. c4 c6 3. Nc3 d5 4. cxd5 cxd5 5. Bf4 Nc6 6. e3 Bf5 7. Nf3 e6 8. Be2
Nd7 9. O-O Be7 10. Nb5 O-O 11. Bc7 Qc8 12. Bg3 Qd8 13. Qb3 Nb6 14. Rfc1 Rc8 15.
Ne5 Na5 16. Rxc8 Qxc8 17. Qd1 a6 18. Rc1 Qd8 19. Nc3 Bd6 20. Qe1 Bxe5 21. dxe5
Nc6 22. Bf1 Bg6 23. e4 dxe4 24. Nxe4 Qd4 25. Nc3 Qb4 26. b3 Rd8 27. h3 h6 28. f3
Nd7 29. Rd1 Nc5 30. Rxd8+ Nxd8 31. Bf2 Nc6 32. Qe3 Nd3 33. Bxd3 Qxc3 34. Bxg6
Qa1+ 35. Qe1 Qxe1+ 36. Bxe1 fxg6 37. f4 Kf7 38. Bc3 b5 39. Kf2 h5 40. Ke3 Ke8
41. Ke4 Ke7 42. g4 hxg4 43. hxg4 Kf7 44. Bd2 Ke7 45. Be1 Kd7 46. Bc3 Ke7 47. Be1
Kd7 48. Bc3 Ke7 49. Be1 Kd7 1/2-1/2

[Event "U.S. Championship"]
[Site "Saint Louis USA"]
[Date "2022.10.15"]
[EventDate "2022.10.05"]
[Round "10.5"]
[Result "1/2-1/2"]
[White "Christopher Woojin Yoo"]
[Black "Fabiano Caruana"]
[WhiteElo "2563"]
[BlackElo "2763"]
[PlyCount "136"]

1. Nf3 c5 2. c4 Nf6 3. Nc3 Nc6 4. g3 d5 5. d4 cxd4 6. Nxd4 dxc4 7. Nxc6 Qxd1+ 8.
Nxd1 bxc6 9. Bg2 Nd5 10. Ne3 e6 11. Nxc4 Ba6 12. b3 Bb4+ 13. Bd2 Ke7 14. Rc1
Rac8 15. Bxb4+ Nxb4 16. a3 Nd5 17. Na5 c5 18. O-O Rhd8 19. Rc2 Rd7 20. Rfc1 Rdc7
21. e4 Nb6 22. Bf1 Bxf1 23. Kxf1 g5 24. Ke2 h5 25. h3 f5 26. Ke3 Kf6 27. f4
gxf4+ 28. Kxf4 fxe4 29. Kxe4 Ke7 30. g4 hxg4 31. hxg4 Kf6 32. g5+ Kg6 33. Rf1
Rd7 34. Rf6+ Kxg5 35. Rxe6 Rd4+ 36. Kf3 c4 37. Nxc4 Nxc4 38. bxc4 Rcxc4 39. Rxc4
Rxc4 40. Ra6 Kf5 41. Ke3 Ke5 42. Rxa7 Kd6 43. Kd3 Rh4 44. Ra5 Kc6 45. Kc3 Kb6
46. Rg5 Kb7 47. Kb3 Rf4 48. Rb5+ Ka6 49. Rb4 Rf5 50. Ra4+ Kb6 51. Rc4 Ka6 52.
Rc3 Kb6 53. a4 Rf4 54. Rh3 Rg4 55. Rh6+ Ka5 56. Rh5+ Kb6 57. Rb5+ Ka6 58. Rb4
Rg3+ 59. Kb2 Rg2+ 60. Ka3 Rg3+ 61. Rb3 Rxb3+ 62. Kxb3 Ka7 63. a5 Ka8 64. Kb4 Ka7
65. Kb5 Ka8 66. Kb6 Kb8 67. a6 Ka8 68. a7 1/2-1/2

[Event "U.S. Championship"]
[Site "Saint Louis USA"]
[Date "2022.10.15"]
[EventDate "2022.10.05"]
[Round "10.4"]
[Result "0-1"]
[White "Elshan Moradiabadi"]
[Black "Hans Moke Niemann"]
[WhiteElo "2534"]
[BlackElo "2699"]
[PlyCount "76"]

1. d4 Nf6 2. Nf3 g6 3. c4 Bg7 4. Nc3 O-O 5. Bg5 c5 6. d5 d6 7. e3 Nbd7 8. Be2 h6
9. Bh4 g5 10. Bg3 Nh5 11. Qc2 Ndf6 12. Nd2 a6 13. a4 Bd7 14. a5 Rb8 15. O-O Nxg3
16. hxg3 Ng4 17. Qd1 f5 18. e4 Ne5 19. exf5 Bxf5 20. Nf3 Qe8 21. Nxe5 Bxe5 22.
Bh5 Bg6 23. Bxg6 Qxg6 24. Qe2 Rf7 25. Ne4 Bd4 26. Ra3 g4 27. Rd3 Rf5 28. Qd2
Rbf8 29. b4 Re5 30. bxc5 dxc5 31. Rxd4 cxd4 32. Nc5 Ref5 33. Qxd4 h5 34. Ne6
R8f6 35. Nf4 Qh7 36. Qa7 h4 37. Qxb7 hxg3 38. fxg3 e5 0-1

[Event "U.S. Championship"]
[Site "Saint Louis USA"]
[Date "2022.10.15"]
[EventDate "2022.10.05"]
[Round "10.3"]
[Result "1/2-1/2"]
[White "Samuel Sevian"]
[Black "Ray Robson"]
[WhiteElo "2684"]
[BlackElo "2690"]
[PlyCount "74"]

1. d4 Nf6 2. c4 e6 3. Nf3 d5 4. Nc3 Bb4 5. Qa4+ Nc6 6. e3 O-O 7. Bd2 dxc4 8.
Bxc4 Bd6 9. Nb5 Bd7 10. Nxd6 cxd6 11. Qa3 Ne4 12. Bd3 Nxd2 13. Nxd2 d5 14. O-O
Qa5 15. Qxa5 Nxa5 16. Rfc1 Rfc8 17. f3 a6 18. Nb3 Nxb3 19. axb3 Rxc1+ 20. Rxc1
Rc8 21. Rxc8+ Bxc8 22. b4 b6 23. e4 f6 24. e5 f5 25. h4 g6 26. g4 Kg7 27. Kf2
fxg4 28. fxg4 h6 29. g5 h5 30. Ke3 b5 31. Bxb5 axb5 32. b3 Kf7 33. Kd2 Ke7 34.
Ke3 Kf7 35. Kd2 Ke7 36. Ke3 Kf7 37. Kd2 1/2-1/2

[Event "U.S. Championship"]
[Site "Saint Louis USA"]
[Date "2022.10.15"]
[EventDate "2022.10.05"]
[Round "10.2"]
[Result "1/2-1/2"]
[White "Levon Aronian"]
[Black "Wesley So"]
[WhiteElo "2755"]
[BlackElo "2774"]
[PlyCount "36"]

1. c4 e5 2. Nc3 Nf6 3. Nf3 Nc6 4. e4 Bb4 5. d3 d6 6. Be2 Bg4 7. O-O Bxf3 8. Bxf3
Bc5 9. Kh1 a5 10. Qe1 Nd4 11. Bd1 Ne6 12. g3 h5 13. h4 c6 14. Kg2 Bd4 15. Ne2
Bc5 16. Nc3 Bd4 17. Ne2 Bc5 18. Nc3 1/2-1/2

[Event "U.S. Championship"]
[Site "Saint Louis USA"]
[Date "2022.10.15"]
[EventDate "2022.10.05"]
[Round "10.1"]
[Result "1/2-1/2"]
[White "Awonder Liang"]
[Black "Dominguez Perez, Leinier"]
[WhiteElo "2608"]
[BlackElo "2747"]
[PlyCount "90"]

1. e4 c5 2. Nf3 d6 3. Bb5+ Nd7 4. O-O a6 5. Bd3 Ngf6 6. Re1 e6 7. c3 b5 8. a4
Bb7 9. Bc2 c4 10. d4 cxd3 11. Qxd3 Nc5 12. Qe2 bxa4 13. Be3 Nfd7 14. Bd4 e5 15.
Bxc5 Nxc5 16. Bxa4+ Nxa4 17. Rxa4 Be7 18. c4 Bc6 19. Ra2 a5 20. Nc3 Qb8 21. Nd5
Bd8 22. c5 O-O 23. Qc2 Re8 24. Nd2 a4 25. Rea1 Ra7 26. h3 h6 27. Nc3 dxc5 28.
Nxa4 Be7 29. Nxc5 Rxa2 30. Rxa2 Rc8 31. Ra5 Qb4 32. Qc3 Qxc3 33. bxc3 Be8 34.
Na4 Bg5 35. Nf3 Bxa4 36. Rxa4 Rxc3 37. Nxg5 hxg5 38. Rb4 f6 39. Rb7 Kh7 40. f3
Rc2 41. Ra7 Rb2 42. Rd7 Rc2 43. Ra7 Rb2 44. Rd7 Rc2 45. Ra7 Rb2 1/2-1/2

[Event "U.S. Championship"]
[Site "Saint Louis USA"]
[Date "2022.10.15"]
[EventDate "2022.10.05"]
[Round "10.7"]
[Result "1/2-1/2"]
[White "Jeffery Xiong"]
[Black "Sam Shankland"]
[WhiteElo "2690"]
[BlackElo "2712"]
[PlyCount "152"]

1. d4 d5 2. c4 e6 3. Nf3 Nf6 4. e3 Be7 5. b3 O-O 6. Bb2 b6 7. cxd5 Nxd5 8. Nbd2
Bb7 9. a3 Nd7 10. Be2 c5 11. dxc5 Nxc5 12. b4 Nd7 13. O-O a5 14. b5 Bf6 15. Nd4
Nc5 16. Nc4 Rc8 17. Rc1 Qc7 18. Qc2 Rfd8 19. Rfd1 Ne7 20. Bf3 Bd5 21. Bxd5 exd5
22. Nd2 Qd7 23. N2f3 Re8 24. a4 Rc7 25. Ba3 Rec8 26. Ne2 g6 27. h3 Bg7 28. Qa2
h6 29. Rc2 Bf8 30. Bb2 Ne4 31. Rxc7 Rxc7 32. Be5 Rc8 33. Nf4 Nc3 34. Bxc3 Rxc3
35. Nxd5 Nxd5 36. Qxd5 Qxd5 37. Rxd5 Ra3 38. Rd4 Bc5 39. Rc4 Bb4 40. Rc6 Bc5 41.
Ne5 Rxa4 42. Nd7 Rb4 43. Nxc5 bxc5 44. Rxc5 h5 45. g3 Kg7 46. b6 Rxb6 47. Rxa5
Rb2 48. Ra6 Rc2 49. Kg2 Rb2 50. Kf3 Rc2 51. Rd6 Rb2 52. g4 hxg4+ 53. hxg4 Ra2
54. Kg3 Ra3 55. Kf4 Ra5 56. Ke4 Ra4+ 57. Rd4 Ra5 58. f4 Ra1 59. Ke5 Re1 60. e4
Rg1 61. f5 gxf5 62. gxf5 Ra1 63. Rc4 Ra5+ 64. Kf4 f6 65. Rc7+ Kf8 66. Ke3 Ra4
67. Kd3 Rb4 68. Rc4 Rb7 69. Kd4 Re7 70. Kd5 Re5+ 71. Kd6 Kf7 72. Rc7+ Kf8 73.
Rc8+ Kf7 74. Rc7+ Kf8 75. Rc8+ Kf7 76. Rc7+ Kf8 1/2-1/2